004390000a220008500045001000021000002450039000213000052000605200196001127730045003081 aBuiles, Mauricio10aJardín de libros : En Medellín aVol.0, núm.23 (Agosto, 2007), Páginas 30-31 aDel 7 al 16 de septiembre se hará la Fiesta de los Libros en el Jardín Botánico de Medellín. Una nueva propuesta que reemplaza a la tradicional Feria del Libro. ¿De qué se trata?0 tArcadia / Andrés Felipe Solano, Editor